[Event "Swedish Elitserien 2021-22"]
[Site "Sodertalje"]
[Date "2022.05.14"]
[Round "8.14"]
[White "Henriksson, Johan"]
[Black "Ziegler, Ari"]
[Result "1-0"]
[WhiteElo "2246"]
[BlackElo "2327"]
[Annotator "TA"]
[PlyCount "79"]
[EventDate "2022.05.13"]
[EventType "team-tourn"]
[EventCountry "SWE"]
[SourceTitle "playchess.com"]
[Source "ChessBase"]
[SourceQuality "1"]

{[%evp 17,79,29,42,25,20,15,25,10,23,13,29,28,29,22,24,33,43,46,56,61,98,99,95,93,93,93,168,176,210,206,311,295,954,437,466,464,502,500,489,492,476,448,612,601,655,644,635,625,590,563,674,674,618,612,1231,1166,1441,1426,1295,1174,6101,6094,29972,29971]} 1. d4 {[%emt 0:00:04]} e6 {[%emt 0:00:09]} 2. g3 {[%emt 0:00:13]} f5 {[%emt 0:00:08]} 3. Bg2 {[%emt 0:00:20]} Nf6 {[%emt 0:00:09]} 4. Nf3 {[%emt 0:00:28]} d5 {[%emt 0:00:17]} 5. O-O {[%emt 0:00:16]} c6 {[%emt 0:00:40]} 6. c4 {[%emt 0:00:42]} Bd6 {[%emt 0:00:07]} 7. Bf4 {[%emt 0:00:49]} Bxf4 {[%emt 0:00:09]} 8. gxf4 {[%emt 0:00:03]} O-O {[%emt 0:00:12]} 9. e3 {[%emt 0:01:06]} Qe7 {[%emt 0:02:34]} 10. Ne5 {[%emt 0:02:40] A90: Dutch Defence: Miscellaneous and Modern Stonewall (with ...Bd6).} Nbd7 {[%emt 0:07:22]} 11. Nc3 {[%emt 0:00:35]} Kh8 {[%emt 0:01:38]} 12. Kh1 {[%emt 0:06:32] White has an edge.} Rg8 {[%emt 0:07:45][%cal Bf8g8,Bg8g5,Bg5g7][%mdl 32] [#]} 13. Qe2 $146 {[%emt 0:02:47]} ({Predecessor:} 13. Bf3 g5 14. fxg5 Rxg5 15. Be2 Nxe5 16. dxe5 Ne4 17. Qe1 Rg6 18. f4 Nxc3 19. Qxc3 {0-1 (56) Bozinovic,B (2303)-Radjabov,T (2476) Biel 2000}) 13... g5 {[%emt 0:05:47]} 14. fxg5 {[%emt 0:00:45]} Rxg5 {[%emt 0:00:08]} 15. f4 {[%emt 0:00:30]} Rg7 {[%emt 0:00:14]} 16. Bf3 {[%emt 0:02:05]} Nxe5 {[%emt 0:09:14]} 17. fxe5 {[%emt 0:07:37]} Ne4 {[%emt 0:03:57]} 18. Bxe4 {[%emt 0:01:15]} dxe4 {[%emt 0:01:23] Black is now going downhill.} 19. Rg1 {[%emt 0:01:54]} Bd7 {[%emt 0:01:51]} 20. Rxg7 {[%emt 0:06:49]} Qxg7 {[%emt 0:00:10]} 21. Rg1 {[%emt 0:00:20]} Qe7 {[%emt 0:01:26]} (21... Qh6 $16 {was necessary.}) 22. Qg2 $18 {[%emt 0:03:16]} Rf8 {[%emt 0:08:30]} 23. Ne2 {[%emt 0:01:38]} b6 {[%emt 0:15:31]} (23... Qf7 {is a better defense.} 24. Qg3 b5) 24. Nf4 {[%emt 0:00:40]} c5 $2 {[%emt 0:01:03]} (24... Qf7 25. Nh5 Qg6 26. Qxg6 hxg6) 25. dxc5 {[%emt 0:01:11]} (25. d5 $142) 25... bxc5 {[%emt 0:00:16]} 26. Qh3 {[%emt 0:06:49] [#] White wants to mate with Ng6+.} Be8 {[%emt 0:09:26]} 27. Qh6 {[%emt 0:00:04]} Rg8 {[%emt 0:00:52]} 28. Rxg8+ {[%emt 0:00:46]} Kxg8 {[%emt 0:00:08]} 29. Qxe6+ {[%emt 0:00:08]} Qxe6 {[%emt 0:00:17]} 30. Nxe6 {[%emt 0:00:04][%mdl 4096] Endgame KB-KN} Bf7 {[%emt 0:00:08]} 31. Nxc5 {[%emt 0:00:04]} Bxc4 {[%emt 0:00:07]} 32. b3 {[%emt 0:00:03][%cal Bb2b3,Bb3b4,Bb4b5][%mdl 32]} Bd5 {[%emt 0:03:12]} 33. Kg2 {[%emt 0:00:06]} Kf7 {[%emt 0:00:10]} 34. Kg3 {[%emt 0:00:03]} Kg6 {[%emt 0:00:22]} 35. Kf4 {[%emt 0:00:04]} h6 {[%emt 0:01:05]} 36. a3 {[%emt 0:00:04][%cal Ba2a3,Ba3a4][%mdl 32]} Bg8 {[%emt 0:01:16]} 37. b4 {[%emt 0:00:03]} Bd5 {[%emt 0:01:36]} 38. a4 {[%emt 0:00:09] [#] b5 is the strong threat.} Ba2 {[%emt 0:00:33]} 39. b5 {[%emt 0:00:59] Threatening mate with a5.} Bc4 {[%emt 0:00:06]} 40. Nb7 {[%emt 0:00:09] Weighted Error Value: White=0.23 (precise) /Black=0.59} 1-0

[Event "Swedish Elitserien 2021-22"]
[Site "Sodertalje"]
[Date "2022.05.14"]
[Round "8.15"]
[White "Eklund, Joel"]
[Black "Kassani, Sam"]
[Result "0-1"]
[WhiteElo "2250"]
[BlackElo "2170"]
[Annotator "TA"]
[PlyCount "98"]
[EventDate "2022.05.13"]
[EventType "team-tourn"]
[EventCountry "SWE"]
[SourceTitle "playchess.com"]
[Source "ChessBase"]
[SourceQuality "1"]

{[%evp 9,98,18,25,0,15,9,16,0,7,1,0,0,20,17,20,11,17,4,22,0,13,5,6,6,0,10,33,31,89,0,0,0,0,-39,-39,-36,-29,-42,0,0,0,8,125,127,221,227,376,376,376,376,371,223,228,213,213,203,206,189,240,244,241,232,270,254,256,145,164,197,649,0,0,0,0,0,0,-1,-9,-142,-135,-210,-210,-204,-207,-220,-219,-218,-216,-498,-494,-639,-335]} 1. d4 {[%emt 0:00:05]} d5 {[%emt 0:00:34]} 2. Bg5 {[%emt 0:00:12]} c6 {[%emt 0:01:43]} 3. e3 {[%emt 0:00:10]} Qb6 {[%emt 0:01:41]} 4. Qc1 {[%emt 0:00:11]} Bf5 {[%emt 0:01:54]} 5. c4 {[%emt 0:01:15]} h6 {[%emt 0:14:20]} 6. Bh4 {[%emt 0:03:30] D00: 1 d4 d5: Unusual lines.} e6 {[%emt 0:03:55]} 7. Nc3 {[%emt 0:00:22]} Nd7 {[%emt 0:00:48]} 8. Nf3 {[%emt 0:00:56] The position is equal.} Ngf6 {[%emt 0:01:52]} 9. c5 {[%emt 0:07:47] has lost popularity (9.Be2).} Qd8 {[%emt 0:02:14]} 10. b4 {[%emt 0:03:00]} a6 {[%emt 0:07:46]} (10... g5 11. Bg3 Nh5) (10... g5 $5 11. Bg3 Nh5 $11) 11. h3 {[%emt 0:01:44]} Be7 {[%emt 0:03:36]} 12. Bg3 {[%emt 0:00:25]} O-O {[%emt 0:07:52]} 13. Be2 {[%emt 0:00:52]} Ne4 {[%emt 0:00:12] [#]} 14. Bh2 $146 {[%emt 0:00:13]} (14. Nxe4 Bxe4 15. O-O g5 16. Nd2 Bg6 17. a4 f5 18. f4 Kh7 19. b5 Rg8 20. Rb1) ({Predecessor:} 14. Nxe4 Bxe4 15. O-O g5 16. Nd2 Bg6 17. a4 f5 18. f4 Kh7 19. b5 Rg8 20. Rb1 {0-1 (35) Kosic,D (2515)-Simic,R (2495) Sveti Sava 1994}) 14... Bf6 {[%emt 0:02:55]} 15. O-O {[%emt 0:02:46]} a5 {[%emt 0:11:13]} 16. a3 {[%emt 0:01:37][%cal Ba2a3,Ba3b4,Bb4b5][%mdl 32]} axb4 {[%emt 0:00:04]} 17. axb4 {[%emt 0:00:16]} Rxa1 {[%emt 0:00:04]} 18. Qxa1 {[%emt 0:00:19]} Qa8 {[%emt 0:00:04]} (18... Ng5) ({Black should play} 18... Ng5 $14) 19. Qb2 {[%emt 0:02:08]} (19. Nxe4 dxe4 20. Nd2) ({White should try} 19. Nxe4 $16 dxe4 20. Nd2) 19... Nxc3 $11 {[%emt 0:00:09]} 20. Qxc3 {[%emt 0:00:27]} Qa2 {[%emt 0:00:04]} 21. Re1 {[%emt 0:18:47]} Ra8 {[%emt 0:02:05]} 22. b5 {[%emt 0:01:06]} Ra3 {[%emt 0:08:44]} 23. Qc1 {[%emt 0:00:43]} Rb3 {[%emt 0:09:24]} (23... Bd8 $5 {[%cal Rd8a5]} 24. b6 Be7 $11) 24. Qa1 {[%emt 0:01:13]} Qxa1 {[%emt 0:12:09]} 25. Rxa1 {[%emt 0:00:11] And now bxc6 would win.} Rb2 {[%emt 0:00:11]} (25... Nxc5 $1 $11 26. bxc6 (26. Ra8+ Kh7 $11) 26... bxc6) 26. Bf1 $16 {[%emt 0:04:56]} cxb5 {[%emt 0:06:19]} (26... Rb1 $16 27. Rxb1 Bxb1) 27. Bd6 $18 {[%emt 0:07:31]} (27. Ra7 e5) 27... b4 {[%emt 0:00:34]} (27... Be4 $142 28. Ra7 Nxc5) 28. Ra7 {[%emt 0:00:49]} Rb1 {[%emt 0:01:19][%cal Od7c5]} 29. Rxb7 {[%emt 0:00:25] [#] Strongly threatening c6.} Rc1 {[%emt 0:00:35]} 30. Rxb4 {[%emt 0:12:05]} Bd3 {[%emt 0:00:23]} 31. Nd2 {[%emt 0:00:57] Threatens to win with Rb7.} e5 {[%emt 0:00:15]} 32. g3 {[%emt 0:09:12]} (32. Rb7 $6 exd4 33. exd4 (33. Rxd7 Bxf1 34. Nxf1 d3 $11) 33... Bxd4) 32... exd4 {[%emt 0:00:39]} 33. exd4 {[%emt 0:00:13]} Bg5 {[%emt 0:00:20]} (33... h5 {might work better.} 34. Rb7 Bf5) 34. f4 {[%emt 0:00:13]} Bf6 {[%emt 0:00:44]} 35. Kf2 {[%emt 0:03:01]} Bf5 {[%emt 0:00:21]} 36. g4 {[%emt 0:01:53]} Bh4+ {[%emt 0:00:12]} 37. Kg1 {[%emt 0:10:59]} (37. Kg2 $18 Be1 38. Rb2 Bxd2 39. Rxd2 (39. gxf5 Be3 $14) 39... Be4+ 40. Kf2) 37... Be1 {[%emt 0:01:00]} 38. Rb2 {[%emt 0:01:57]} (38. gxf5 $6 Bxd2 39. Rb3 Bc3 $14) 38... Bc2 {[%emt 0:00:35]} (38... Be4 39. f5 (39. Nxe4 dxe4 40. Kg2 Nf6 $18) 39... Bxd2 40. Rxd2 h5) 39. Nb3 $2 {[%emt 0:02:39]} ({White has to play} 39. c6 $18 Bf5 40. cxd7 Bxd7 41. Nf3) 39... Bxb3 $11 {[%emt 0:00:15]} 40. Rxb3 {[%emt 0:00:05] [#] aiming for Rb7.} Bc3 {[%emt 0:00:06]} 41. Rxc3 {[%emt 0:17:38]} Rxc3 {[%emt 0:00:08][%mdl 4096] Endgame KRN-KB} 42. Bb5 {[%emt 0:00:08]} Nf6 {[%emt 0:04:38]} 43. g5 {[%emt 0:05:38]} (43. Be5 $1 $11 {keeps the balance.}) 43... Ne4 $17 {[%emt 0:09:13]} 44. Be7 {[%emt 0:00:59]} (44. gxh6 $17 Rb3 45. Bc6 Rg3+ 46. Kh2) 44... Nd2 $19 {[%emt 0:03:59]} (44... Rxh3 45. gxh6 gxh6 46. Bd7 $17) 45. gxh6 {[%emt 0:05:22]} Nf3+ {[%emt 0:00:19]} ({Not} 45... gxh6 46. Kg2 $15) 46. Kg2 {[%emt 0:00:30]} Nxd4 {[%emt 0:00:16]} 47. Bd7 {[%emt 0:00:06]} Nb3 {[%emt 0:05:00]} ({Don't go for} 47... gxh6 $2 48. Bd6) 48. Be8 $2 {[%emt 0:05:31]} (48. c6 {is a better defense.} Nd4 49. Bd6 Nxc6 50. hxg7) 48... gxh6 {[%emt 0:02:02]} 49. c6 {[%emt 0:00:38]} Na5 {[%emt 0:01:01] Never resign too early!  Weighted Error Value: White=0.47/Black=0.23 (precise)} 0-1

[Event "Swedish Elitserien 2021-22"]
[Site "Sodertalje"]
[Date "2022.05.14"]
[Round "8.16"]
[White "Larsson, Anders"]
[Black "Helgason, Reynir"]
[Result "1/2-1/2"]
[WhiteElo "2234"]
[BlackElo "2283"]
[Annotator "TA"]
[PlyCount "51"]
[EventDate "2022.05.13"]
[EventType "team-tourn"]
[EventCountry "SWE"]
[SourceTitle "playchess.com"]
[Source "ChessBase"]
[SourceQuality "1"]

{[%evp 9,51,25,28,30,33,27,35,8,31,0,11,0,7,0,15,0,35,15,33,0,50,53,54,-12,0,-10,-14,-46,-37,-43,-37,-47,0,0,0,0,0,0,0,0,0,0,0,-19]} 1. d4 {[%emt 0:00:07]} d5 {[%emt 0:00:42]} 2. Nf3 {[%emt 0:00:36]} e6 {[%emt 0:00:14]} 3. c4 {[%emt 0:01:53]} a6 {[%emt 0:00:35]} 4. cxd5 {[%emt 0:01:12]} exd5 {[%emt 0:00:10]} 5. Nc3 {[%emt 0:00:40]} Nf6 {[%emt 0:04:53]} 6. Bg5 {[%emt 0:01:43] D37: Queen's Gambit Declined: 5 Bf4.} Be6 {[%emt 0:02:06]} 7. e3 {[%emt 0:03:26]} Nbd7 {[%emt 0:00:25]} 8. Be2 {[%emt 0:02:03] White is slightly better.} h6 {[%emt 0:01:15]} 9. Bh4 {[%emt 0:00:53]} Be7 {[%emt 0:07:52]} 10. Rc1 {[%emt 0:02:21]} O-O {[%emt 0:02:01]} 11. O-O {[%emt 0:00:34] [#]} c6 $146 {[%emt 0:07:44]} ({Predecessor:} 11... Rc8 12. Qb3 b5 13. a4 c6 14. Qa2 Qb6 15. Ne5 Nxe5 16. dxe5 d4 17. Qb1 dxc3 18. exf6 Bxf6 19. Bxf6 gxf6 20. Rxc3 {½-½ (48) Abelgas,R (2273)-Dimakiling,O (2441) Hanoi 2018}) 12. Nd2 {[%emt 0:05:57]} a5 {[%emt 0:09:29]} 13. Bd3 {[%emt 0:16:55]} Re8 {[%emt 0:05:23]} 14. Bb1 {[%emt 0:01:17]} b5 {[%emt 0:11:24]} (14... Bd6 $11) 15. Ne2 $14 {[%emt 0:04:34][%cal Bc3e2,Be2f4,Bf4d3,Bd3c5][%mdl 32]} Rc8 {[%emt 0:05:11]} 16. Bxf6 {[%emt 0:04:34]} (16. Nf4 $14) 16... Nxf6 $11 {[%emt 0:01:55]} 17. Nf4 {[%emt 0:01:54]} Bg4 {[%emt 0:03:08]} 18. f3 {[%emt 0:05:06]} Bd7 {[%emt 0:01:14]} 19. Nd3 {[%emt 0:02:57]} Bd6 {[%emt 0:00:25]} 20. Re1 {[%emt 0:01:01]} Re7 {[%emt 0:04:43]} (20... Bf5 $15) 21. Nc5 {[%emt 0:02:10] The position is equal.} Qc7 {[%emt 0:01:08]} 22. Nf1 {[%emt 0:01:13]} Rce8 {[%emt 0:02:08]} 23. Qc2 {[%emt 0:03:37]} Bc8 {[%emt 0:01:16]} 24. Nd3 {[%emt 0:01:05]} Bd7 {[%emt 0:00:44]} 25. Nc5 {[%emt 0:01:09]} Bc8 {[%emt 0:00:25]} 26. Qf2 {[%emt 0:00:15] Weighted Error Value: White=0.14 (very precise) /Black=0.11 (very precise)} 1/2-1/2

[Event "Swedish Elitserien 2021-22"]
[Site "Sodertalje"]
[Date "2022.05.14"]
[Round "8.17"]
[White "Blomqvist, Erik"]
[Black "Amin, Bassem"]
[Result "1/2-1/2"]
[WhiteElo "2523"]
[BlackElo "2686"]
[Annotator "TA"]
[PlyCount "76"]
[EventDate "2022.05.13"]
[EventType "team-tourn"]
[EventCountry "SWE"]
[SourceTitle "playchess.com"]
[Source "ChessBase"]
[SourceQuality "1"]

{[%evp 21,76,0,8,4,4,4,20,14,5,14,8,0,0,0,20,8,19,0,0,-12,-5,-5,0,-5,0,0,0,-7,-14,-7,-7,-23,-25,-16,0,-9,0,-5,0,0,0,0,0,0,3,0,7,7,20,33,25,25,16,14,14,20,27]} 1. e4 {[%emt 0:00:05]} e5 {[%emt 0:04:52]} 2. Nf3 {[%emt 0:00:21]} Nc6 {[%emt 0:00:03]} 3. Nc3 {[%emt 0:01:44]} Nf6 {[%emt 0:00:27]} 4. d4 {[%emt 0:00:09]} exd4 {[%emt 0:00:10]} 5. Nxd4 {[%emt 0:00:08]} Bb4 {[%emt 0:03:49]} 6. Nxc6 {[%emt 0:01:18]} bxc6 {[%emt 0:00:04]} 7. Bd3 {[%emt 0:00:10]} d5 {[%emt 0:00:08]} 8. exd5 {[%emt 0:00:38]} O-O {[%emt 0:00:32]} 9. O-O {[%emt 0:00:22]} cxd5 {[%emt 0:00:39]} 10. Bg5 {[%emt 0:00:58]} c6 {[%emt 0:00:36]} 11. Qf3 {[%emt 0:00:31]} Re8 {[%emt 0:09:04] 11...Bd6 is a critical line.} 12. h3 {[%emt 0:03:48] C47: Scotch Four Knights and Four Knights with 4 g3.} h6 {[%emt 0:06:21] 12...Rb8 is not played anymore.} 13. Bxf6 {[%emt 0:03:49]} Qxf6 {[%emt 0:00:16]} 14. Qxf6 {[%emt 0:00:24]} gxf6 {[%emt 0:00:02]} 15. Ne2 {[%emt 0:02:22]} Rb8 {[%emt 0:04:39]} 16. Rad1 {[%emt 0:06:18]} c5 {[%emt 0:10:35] [#] White must now prevent ...c4.} 17. b3 {[%emt 0:13:24] Prevents c4.} Be6 {[%emt 0:06:04]} 18. Nf4 {[%emt 0:08:52] [#]} Kf8 $146 {[%emt 0:07:13]} ({Predecessor:} 18... Red8 19. Be2 Rd6 20. Rd3 Rbd8 21. Rfd1 Bf5 22. Rg3+ Kf8 23. Bd3 Bc8 24. Rf3 c4 {1-0 (66) Paravyan,D (2639)-Hovhannisyan,R (2669) Riga 2021}) 19. c4 {[%emt 0:04:44]} d4 {[%emt 0:04:17]} 20. Nd5 {[%emt 0:20:52]} Bxd5 {[%emt 0:06:48]} 21. cxd5 {[%emt 0:00:05]} a5 {[%emt 0:01:02]} 22. a4 {[%emt 0:15:29]} Bc3 {[%emt 0:04:13]} 23. Bc4 {[%emt 0:00:04]} Rb4 {[%emt 0:00:16]} 24. Rb1 {[%emt 0:00:15]} Ke7 {[%emt 0:01:17]} 25. Rfd1 {[%emt 0:00:40]} Kd6 {[%emt 0:00:27]} 26. Kf1 {[%emt 0:01:04]} f5 {[%emt 0:01:16]} 27. g3 {[%emt 0:01:58]} Re5 {[%emt 0:06:37]} 28. Rbc1 {[%emt 0:02:55]} Rb8 {[%emt 0:02:19]} 29. Rd3 {[%emt 0:01:27]} f4 {[%emt 0:09:49]} 30. Rcd1 {[%emt 0:02:56]} Rg8 {[%emt 0:01:48]} 31. gxf4 {[%emt 0:02:41]} Re4 {[%emt 0:02:41]} 32. Rg3 {[%emt 0:00:34]} Rg6 {[%emt 0:00:41]} 33. Rdd3 {[%emt 0:02:22] [#] aiming for Rxg6+.} Rf6 {[%emt 0:03:36]} 34. Rdf3 {[%emt 0:00:49]} Bd2 {[%emt 0:03:08]} 35. Rg8 {[%emt 0:00:48]} Re1+ {[%emt 0:00:07]} 36. Kg2 {[%emt 0:00:06]} Bxf4 {[%emt 0:01:04]} 37. Rg4 {[%emt 0:01:41]} Be5 {[%emt 0:01:35][%cal Oe1g1]} 38. Rxf6+ $1 {[%emt 0:01:16]} Bxf6 {[%emt 0:00:15] A balanced but interesting game.  Weighted Error Value: White=0.03 (flawless) /Black=0.03 (flawless)} 1/2-1/2

[Event "Swedish Elitserien 2021-22"]
[Site "Sodertalje"]
[Date "2022.05.14"]
[Round "8.18"]
[White "Meshkovs, Nikita"]
[Black "Hammer, Jon Ludvig"]
[Result "0-1"]
[WhiteElo "2553"]
[BlackElo "2627"]
[Annotator "TA"]
[PlyCount "108"]
[EventDate "2022.05.13"]
[EventType "team-tourn"]
[EventCountry "SWE"]
[SourceTitle "playchess.com"]
[Source "ChessBase"]
[SourceQuality "1"]

{[%evp 15,108,16,9,8,20,3,2,8,0,0,8,-37,-32,-47,0,0,0,0,0,-14,0,0,0,-26,-3,-53,-56,-49,-49,-51,-49,-60,-63,-56,-58,-56,-70,-71,-72,-151,-151,-151,-151,-151,-151,-160,-156,-184,-191,-182,-179,-209,-168,-167,-166,-156,-115,-185,-104,-99,-96,-143,-137,-191,-113,-111,-125,-171,-105,-152,-132,-135,-143,-135,-118,-126,-142,-163,-176,-176,-176,-176,-174,-177,-178,-178,-159,-271,-271,-270,-250,-388,-382,-485,-448]} 1. d4 {[%emt 0:00:01]} Nf6 {[%emt 0:00:08]} 2. c4 {[%emt 0:00:05]} e6 {[%emt 0:00:07]} 3. Nf3 {[%emt 0:00:05]} d5 {[%emt 0:00:23]} 4. g3 {[%emt 0:00:05]} Be7 {[%emt 0:01:35]} 5. Bg2 {[%emt 0:00:06]} O-O {[%emt 0:00:08]} 6. O-O {[%emt 0:00:04]} dxc4 {[%emt 0:00:10]} 7. Qc2 {[%emt 0:00:04]} a6 {[%emt 0:00:48]} 8. a4 {[%emt 0:00:05] 8.a4 scores better than 8.Qxc4.} Bd7 {[%emt 0:00:22][%cal Bc8d7,Bd7c6,Bc6d5][%mdl 32]} 9. Bg5 {[%emt 0:01:38] E05: Open Catalan: 5 Nf3 Be7.} Bc6 {[%emt 0:01:07]} 10. Rd1 {[%emt 0:00:06]} b5 {[%emt 0:04:02]} 11. Bxf6 {[%emt 0:01:27] The position is equal.} Bxf6 {[%emt 0:00:09]} (11... gxf6 12. d5 exd5 13. Nc3 $16) 12. Nbd2 {[%emt 0:02:07]} g6 {[%emt 0:06:43] [#]} 13. e3 $146 {[%emt 0:08:59]} ({Predecessor:} 13. b3 cxb3 14. Nxb3 bxa4 15. Nc5 Bg7 16. Nxa4 a5 17. Nc5 Qd6 18. Qc3 Ra7 19. Ne5 Bxg2 20. Kxg2 {0-1 (41) Kengis,E (2547)-Aleksandrov,A (2590) Riga 2018}) 13... Bd5 {[%emt 0:11:30] A strong pair of Bishops.} 14. b3 {[%emt 0:12:40]} c5 {[%emt 0:07:50]} (14... cxb3 $15 15. Nxb3 Nc6) 15. bxc4 $11 {[%emt 0:09:01]} bxc4 {[%emt 0:00:11]} 16. Nxc4 {[%emt 0:05:45]} Ra7 {[%emt 0:25:45][%cal Ba8a7,Ba7d7,Bd7d4][%mdl 32]} 17. Rac1 {[%emt 0:28:48]} Bxf3 {[%emt 0:02:22]} 18. Bxf3 {[%emt 0:00:23]} cxd4 {[%emt 0:00:18]} 19. exd4 {[%emt 0:02:21]} Rd7 {[%emt 0:12:02] Prevents d5.} 20. Ne5 {[%emt 0:03:26]} (20. d5 $11) 20... Rxd4 $15 {[%emt 0:00:33]} 21. Qc5 {[%emt 0:00:02]} Rxd1+ {[%emt 0:03:31]} 22. Rxd1 {[%emt 0:00:02]} Qc8 {[%emt 0:00:15]} 23. Qe3 {[%emt 0:09:08]} Qc7 {[%emt 0:03:25]} 24. Ng4 {[%emt 0:00:02]} Bg7 {[%emt 0:00:34]} 25. Rc1 {[%emt 0:02:11]} Qa5 {[%emt 0:01:56]} 26. Qf4 {[%emt 0:00:45]} Nd7 {[%emt 0:01:40]} 27. Qd6 {[%emt 0:02:27]} (27. Kg2 $142) 27... Qxa4 $17 {[%emt 0:06:26]} 28. Rc6 {[%emt 0:01:38]} Nb8 {[%emt 0:01:20]} 29. Rb6 {[%emt 0:01:16]} h5 {[%emt 0:00:38]} 30. Ne3 {[%emt 0:04:35]} Qd4 {[%emt 0:00:16]} 31. Qc7 {[%emt 0:02:25]} Be5 {[%emt 0:00:08]} 32. Qb7 {[%emt 0:00:01]} Nd7 {[%emt 0:02:11]} 33. Rb4 {[%emt 0:00:22]} Qa1+ {[%emt 0:04:14]} 34. Rb1 {[%emt 0:00:47]} Qa2 {[%emt 0:00:02]} 35. Rd1 {[%emt 0:03:02]} Nf6 {[%emt 0:00:02]} 36. Qb4 {[%emt 0:00:36]} (36. Qc6 $17) 36... Rb8 {[%emt 0:00:31]} ({Black should play} 36... Rc8 $19 37. Kf1 Kg7) 37. Qc5 {[%emt 0:00:19]} Ba1 {[%emt 0:01:30]} 38. Kg2 {[%emt 0:00:31]} (38. Qc1 $142 Bb2 39. Qc7) 38... Kg7 {[%emt 0:00:05]} 39. Nc4 {[%emt 0:00:39] [#] Prevents Rb2.} (39. Rd3 $17 {was called for.}) 39... Bc3 {[%emt 0:03:39]} (39... Rb5 $1 $19 {[%cal Rb5c5]} 40. Qc7 Nd5 41. Bxd5 Rxd5) 40. Qc7 {[%emt 0:01:38]} Rf8 {[%emt 0:00:01]} 41. h3 {[%emt 0:06:54]} (41. Ne5 $17 {keeps fighting.} Bxe5 42. Qxe5) 41... Bb4 {[%emt 0:07:42]} ({Black should try} 41... Qc2 $19 {[%cal Oa6a5]} 42. Qc6 h4) 42. g4 {[%emt 0:07:30]} (42. Rc1 $142) 42... h4 {[%emt 0:08:40]} 43. Qf4 {[%emt 0:05:53]} Be7 {[%emt 0:02:09]} 44. Ne5 {[%emt 0:00:30]} Qa3 {[%emt 0:01:55]} ({Don't take} 44... Bc5 45. Rd2 (45. g5 $2 Qxf2+ 46. Kh1 Nh5 $19) 45... Qa5 46. g5 $14) 45. Nc6 {[%emt 0:02:19]} Nh7 {[%emt 0:01:12]} 46. Nxe7 {[%emt 0:07:21]} Qxe7 {[%emt 0:00:01]} 47. Ra1 {[%emt 0:00:08]} Rc8 {[%emt 0:00:04] White must now prevent ...Rc3.} 48. Rxa6 {[%emt 0:00:27]} Rc3 {[%emt 0:00:02] Strongly threatening ...e5.} 49. Rc6 {[%emt 0:01:58]} Ra3 {[%emt 0:03:26] aiming for ...Ng5.} (49... e5 50. Qd2 Ra3 51. Qc1) 50. Qc1 {[%emt 0:01:48]} Qb4 {Hoping for ...Qb3.} 51. Rb6 {[%emt 0:01:25] [#]} (51. Rc5 $17) 51... Qc3 $1 $19 {[%emt 0:01:13]} ({Stronger than} 51... Qxb6 52. Qxa3 Qd4 53. Qc1 $17) 52. Qxc3+ {[%emt 0:00:25]} Rxc3 {[%emt 0:00:01]} 53. Be2 {[%emt 0:00:38]} (53. Rb5 $142) 53... Ng5 {[%emt 0:00:14]} 54. f3 {[%emt 0:00:31]} Rc2 {[%emt 0:00:08] Weighted Error Value: White=0.20 (precise) /Black=0.10 (very precise)} 0-1

[Event "Swedish Elitserien 2021-22"]
[Site "Sodertalje"]
[Date "2022.05.14"]
[Round "8.18"]
[White "Blomqvist, Erik"]
[Black "Amin, Bassem"]
[Result "*"]
[WhiteElo "2523"]
[BlackElo "2686"]
[Annotator "TA"]
[PlyCount "28"]
[EventDate "2022.05.13"]
[EventType "team-tourn"]
[EventCountry "SWE"]
[SourceTitle "playchess.com"]
[Source "ChessBase"]
[SourceQuality "1"]

{[%evp 4,4,36]} 1. e4 {[%emt 0:00:05]} e5 {[%emt 0:04:52]} 2. Nf3 {[%emt 0:00:21]} Nc6 {[%emt 0:00:03] Not much happened in this game.} {Predecessor:} 3. Bc4 Nf6 4. d3 Bc5 5. O-O d6 6. c3 {C54: Giuoco Piano: 4 c3 Nf6, main lines with 5 d4 and 5 d3.} a6 7. a4 Ba7 8. Re1 O-O 9. h3 h6 10. Nbd2 Re8 11. b4 Be6 12. Bxe6 Rxe6 13. Rb1 b5 14. Ra1 d5 {1-0 (43) Nepomniachtchi,I (2773)-Giri,A (2773) Chess.com INT 2022} *

[Event "Swedish Elitserien 2021-22"]
[Site "Sodertalje"]
[Date "2022.05.14"]
[Round "8.19"]
[White "Meshkovs, Nikita"]
[Black "Hammer, Jon Ludvig"]
[Result "*"]
[WhiteElo "2553"]
[BlackElo "2627"]
[Annotator "TA"]
[PlyCount "32"]
[EventDate "2022.05.13"]
[EventType "team-tourn"]
[EventCountry "SWE"]
[SourceTitle "playchess.com"]
[Source "ChessBase"]
[SourceQuality "1"]

{[%evp 15,17,18,18,12]} 1. d4 {[%emt 0:00:01]} Nf6 {[%emt 0:00:08]} 2. c4 {[%emt 0:00:05]} e6 {[%emt 0:00:07]} 3. Nf3 {[%emt 0:00:05]} d5 {[%emt 0:00:23]} 4. g3 {[%emt 0:00:05]} Be7 {[%emt 0:01:35]} 5. Bg2 {[%emt 0:00:06]} O-O {[%emt 0:00:08]} 6. O-O {[%emt 0:00:03]} dxc4 {[%emt 0:00:10]} 7. Qc2 {[%emt 0:00:04]} a6 {[%emt 0:00:48]} 8. a4 {[%emt 0:00:05] 8.a4 is better than 8.Qxc4.} Bd7 {[%emt 0:00:22]} 9. Bg5 {[%emt 0:01:38] [#] A rather calm draw. E05: Open Catalan: 5 Nf3 Be7.} {Predecessor:} Bc6 $146 10. Rd1 h6 11. Bxf6 Bxf6 12. Nbd2 b5 13. e4 Nd7 14. b3 g6 15. bxc4 b4 16. Nb3 a5 {1-0 (27) Dubov,D (2711)-Pichot,A (2641) Chess.com INT 2022} *